Statistics for ボーカロイドのキャラクター名

Click here to take the quiz!

General Stats

  • This quiz has been taken 53 times
  • The average score is 10 of 84

Answer Stats

Answer% Correct
クリプトン・フューチャー・メディア初音ミク
100%
クリプトン・フューチャー・メディア鏡音リン
92%
クリプトン・フューチャー・メディア鏡音レン
90%
クリプトン・フューチャー・メディア巡音ルカ
82%
クリプトン・フューチャー・メディアKAITO
82%
クリプトン・フューチャー・メディアMEIKO
78%
インターネットGUMI
57%
1st PLACEIA
41%
インターネット神威がくぽ
39%
gynoidflower
37%
AHS結月ゆかり
33%
インターネット音街ウナ
33%
AHS歌愛ユキ
31%
AHS紲星あかり
20%
ヤマハFukase
20%
AHS東北ずん子
18%
ヤマハVY1(MIZKI)
16%
ヤマハVY2(勇馬)
16%
AHS桜乃そら
12%
AHS氷山キヨテル
10%
マクネナナプロジェクトマクネナナ
10%
インターネットCUL
10%
AHSSF-A2 開発コードmiki
10%
gynoid鳴花ヒメ
8%
AHS猫村いろは
8%
gynoid鳴花ミコト
8%
ZERO-GLEON
8%
インターネットLily
8%
インターネットリュウト(ガチャッポイド)
6%
ZERO-GLOLA
6%
キューンレコード歌手音ピコ
4%
gynoid心華
4%
ヤマハSachiko
4%
ヤマハYUU
4%
ヤマハ杏音
2%
ヤマハ鳥音
2%
ヤマハChris
2%
ヤマハKen
2%
インターネットkokone
2%
ヤマハKYO
2%
EXIT TUNESMAYU
2%
ヤマハMew
2%
PowerFXOLIVER
2%
ウィーヴRana
2%
ヤマハ蒼姫ラピス
0%
上海禾念信息科技有限公司乐正绫
0%
ヤマハ兎眠りおん
0%
上海禾念信息科技有限公司星尘
0%
上海禾念信息科技有限公司乐正龙牙
0%
ヤマハミライ小町
0%
上海禾念信息科技有限公司徵羽摩柯
0%
ヤマハ夢眠ネム
0%
上海禾念信息科技有限公司言和
0%
上海禾念信息科技有限公司洛天依
0%
上海禾念信息科技有限公司墨清弦
0%
ヤマハアルスロイド
0%
ヤマハギャラ子
0%
ヤマハメルリ
0%
ヤマハAmy
0%
ZERO-GAVANNA
0%
ヤマハAZUKI(正岡小豆)
0%
PowerFXBIG-AL
0%
Voctro LabsBRUNO
0%
インターネットChika
0%
Voctro LabsCLARA
0%
ヤマハCYBER DIVA
0%
ヤマハCYBER SONGMAN
0%
ZERO-GDaina
0%
ZERO-GDex
0%
ヤマハKaori
0%
アカツキ・ヴァーチャルアーティスツLUMi
0%
Voctro LabsMAIKA
0%
ヤマハMATCHA(小林抹茶)
0%
ZERO-GMIRIAM
0%
ZERO-GPRIMA
0%
PowerFXRuby
0%
SBS ArtechSeeU
0%
ZERO-GSONIKA
0%
PowerFXSWEET ANN
0%
ZERO-GTONIO
0%
ST MEDiAUNI
0%
ヤマハUnity-chan!
0%
ヤマハWIL
0%
PowerFXYOHIOloid
0%

Score Distribution

Percentile by Number Answered

Percent of People with Each Score

Your Score History

You have not taken this quiz